Obras de San Agustín
Salvato in:
| Altri autori: | , , , |
|---|---|
| Natura: | Libro |
| Lingua: | spagnolo |
| Pubblicazione: |
Madrid
Biblioteca de Autores Cristianos
1977
|
| Edizione: | 3a. ed |
| Serie: | Biblioteca de Autores Cristianos, 171
|
| Soggetti: | |
| Tags: |
Aggiungi Tag
Nessun Tag, puoi essere il primo ad aggiungerne!!
|
MARC
| LEADER | 00000nam a2200000 a 4500 | ||
|---|---|---|---|
| 001 | UCY5603 | ||
| 003 | CL-VaPUC | ||
| 005 | 20250103100349.0 | ||
| 008 | 950512e19770000SP |||||||||||||||||spa|d | ||
| 999 | |c 233236 |d 233234 | ||
| 040 | |c Pontificia Universidad Católica de Valparaíso | ||
| 082 | 0 | 4 | |a 189.2 |b OBR |2 21 |
| 245 | 1 | 0 | |a Obras de San Agustín |
| 250 | |a 3a. ed | ||
| 260 | |a Madrid |b Biblioteca de Autores Cristianos |c 1977 | ||
| 300 | |a v | ||
| 490 | 0 | |a Biblioteca de Autores Cristianos, 171 | |
| 500 | |a v.3: Obras filosóficas | ||
| 500 | |a v.4: Obras apologéticas | ||
| 500 | |a v.5: Tratado sobre la Santísima Trinidad | ||
| 500 | |a v.16: La ciudad de Dios 1a. parte | ||
| 500 | |a v.17: La ciudad de Dios 2a. parte | ||
| 500 | |a v.9 Tratados sobre la Gracia 2a. parte | ||
| 583 | |a last modification |c 19950512 00:00:00 |k Rodrigo Vera | ||
| 600 | 0 | |a Dios |9 314467 | |
| 600 | 0 | |a Jesús |9 313614 | |
| 600 | 0 | 7 | |a ESPIRITU SANTO |2 CL-VaPUC |9 334587 |
| 600 | 0 | |a San Agustín de Hipona |x Teólogo y filósofo cristiano |9 311590 | |
| 650 | 0 | |a Filosofía |9 223554 | |
| 650 | 0 | |a Cristianismo |9 257361 | |
| 650 | 0 | |a Teología |9 258766 | |
| 650 | 0 | |a Creencia Religiosa |9 316904 | |
| 650 | 0 | |a Iglesia Católica |9 256114 | |
| 650 | 7 | |a CONVERSION |2 CL-VaPUC |9 310975 | |
| 700 | 1 | |a Capanaga, Victorino |e traductor |e (v.1) (v.3) (v.4) (v.9) |9 863980 | |
| 700 | 1 | |a Erce, Gregorio |e traductor |e (v.9) |9 863989 | |
| 700 | 1 | |a Río, Santos Santamarta del |e traductor |e (v.16) (v.16 p1) (v.17 p2) |9 863996 | |
| 700 | 1 | |a Fuertes Lanero, Miguel |e traductor |e (v.16) (v.16 p1) (v.17 p2) |9 863997 | |
| 942 | |c BK |2 ddc | ||
| 945 | |d 19950512 00:00:00 |a mfernand | ||
| 952 | |0 0 |1 0 |4 0 |6 189_200000000000000_OBR_1977 |7 0 |8 R |9 238583 |a BIBEDU |b BIBEDU |c MCIRC |d 2019-11-18 |h v.1 |i 3067920 |l 2 |o 189.2 OBR 1977 |p 3067920 |r 2024-04-08 |s 2024-04-01 |w 2019-11-18 |y BK_R |k FIL | ||
| 952 | |0 0 |1 0 |4 0 |6 189_200000000000000_OBR_1977 |7 0 |8 R |9 238584 |a BIBEDU |b BIBEDU |c MCIRC |d 2019-11-18 |h v.4 |i 2838141 |o 189.2 OBR 1977 |p 2838141 |r 2023-01-13 |w 2019-11-18 |y BK_R |k FIL | ||
| 952 | |0 0 |1 0 |4 0 |6 189_200000000000000_OBR_1977 |7 0 |8 R |9 238585 |a BIBEDU |b BIBEDU |c MCIRC |d 2019-11-18 |h v.3 |i 1563319 |o 189.2 OBR 1977 |p 1563319 |r 2023-01-13 |w 2019-11-18 |y BK_R |k FIL | ||
| 952 | |0 0 |1 0 |4 0 |6 189_200000000000000_OBR_1977 |7 0 |8 R |9 238586 |a BIBEDU |b BIBEDU |c MCIRC |d 2019-11-18 |h v.16 p.1 |i 1563327 |l 1 |o 189.2 OBR 1977 |p 1563327 |r 2023-08-14 |s 2023-08-14 |w 2019-11-18 |y BK_R |k FIL | ||
| 952 | |0 0 |1 0 |4 0 |6 189_200000000000000_OBR_1977 |7 0 |8 R |9 238587 |a BIBEDU |b BIBEDU |c MCIRC |d 2019-11-18 |h v.16 p.1 |i 1563335 |l 1 |o 189.2 OBR 1977 |p 1563335 |r 2023-08-14 |s 2023-08-14 |w 2019-11-18 |y BK_R |k FIL | ||
| 952 | |0 0 |1 0 |4 0 |6 189_200000000000000_OBR_1977 |7 0 |8 R |9 238588 |a BIBEDU |b BIBEDU |c MCIRC |d 2019-11-18 |h v.16 p.1 |i 1563343 |l 1 |o 189.2 OBR 1977 |p 1563343 |r 2023-08-14 |s 2023-08-14 |w 2019-11-18 |y BK_R |k FIL | ||
| 952 | |0 0 |1 0 |4 0 |6 189_200000000000000_OBR_1977 |7 0 |8 R |9 238589 |a BIBEDU |b BIBEDU |c MCIRC |d 2019-11-18 |h v.16 p.1 |i 1563351 |l 1 |o 189.2 OBR 1977 |p 1563351 |r 2023-08-14 |s 2023-08-14 |w 2019-11-18 |y BK_R |k FIL | ||
| 952 | |0 0 |1 0 |4 0 |6 189_200000000000000_OBR_1977 |7 0 |8 R |9 238590 |a BIBEDU |b BIBEDU |c MCIRC |d 2019-11-18 |h v.17 p.2 |i 156336K |o 189.2 OBR 1977 |p 156336K |r 2023-01-13 |w 2019-11-18 |y BK_R |k FIL | ||
| 952 | |0 0 |1 0 |4 0 |6 189_200000000000000_OBR_1977 |7 0 |8 R |9 238591 |a BIBEDU |b BIBEDU |c MCIRC |d 2019-11-18 |h v.17 p.2 |i 1563378 |o 189.2 OBR 1977 |p 1563378 |r 2023-01-13 |w 2019-11-18 |y BK_R |k FIL | ||
| 952 | |0 0 |1 0 |4 0 |6 189_200000000000000_OBR_1977 |7 0 |8 R |9 238592 |a BIBEDU |b BIBEDU |c MCIRC |d 2019-11-18 |h v.17 p.2 |i 1563386 |o 189.2 OBR 1977 |p 1563386 |r 2023-01-13 |w 2019-11-18 |y BK_R |k FIL | ||
| 952 | |0 0 |1 0 |4 0 |6 189_200000000000000_OBR_1977 |7 0 |8 R |9 238593 |a BIBEDU |b BIBEDU |c MCIRC |d 2019-11-18 |h v.9 p.2 |i 1569643 |o 189.2 OBR 1977 |p 1569643 |r 2023-01-13 |w 2019-11-18 |y BK_R |k FIL | ||
| 952 | |0 0 |1 0 |4 0 |6 189_200000000000000_OBR_1977 |7 0 |8 R |9 238594 |a BIBEDU |b BIBEDU |c MCIRC |d 2019-11-18 |h v.16 |i 1500740 |l 1 |o 189.2 OBR 1977 |p 1500740 |r 2023-08-14 |s 2023-08-14 |w 2019-11-18 |y BK_R |k EDU | ||
| 952 | |0 0 |1 0 |4 0 |6 189_200000000000000_OBR_1977 |7 0 |8 A |9 238595 |a BIBTEO |b BIBTEO |d 2019-11-18 |h v.16 |i 2099519 |l 1 |o 189.2 OBR 1977 |p 2099519 |r 2025-01-17 |s 2022-11-09 |w 2019-11-18 |y BK |k ICR | ||
| 952 | |0 0 |1 0 |4 0 |6 189_200000000000000_OBR_1977 |7 0 |8 A |9 238596 |a BIBTEO |b BIBTEO |d 2019-11-18 |h v.17 |i 2099527 |o 189.2 OBR 1977 |p 2099527 |r 2025-01-17 |w 2019-11-18 |y BK |k ICR | ||